000 01464nam a22002057a 4500
001 1733
005 20230921162937.0
020 _a9781862008625
040 _aFISKH
_beng
_cFISKH
_dFISKH
050 _aF128.3
082 _a974.71
100 _aHenry, Sarah
245 _aNew York /
_bthe story of a great city
_cIn association with and written by the Museum of The City of New York
250 _aThis edition published in 2011 by Sevenoaks
260 _aLondon :
_bCarlton Books,
_c2011
300 _a124 pages :
_c31 x 28 cm
520 _aFew cities make your heart race faster just by standing on their streets, but New York exerts an influence that stretches far beyond the city's limits. New York: The Story of a Great City tells concisely and entertainingly how the city developed from the land inhabited by the Lenape people to the great metropolis it is today. Organized both thematically and chronologically, the book brings the city's history to life. The book contains stunning images as wells as documents printed on the page including - diary extracts, immigration papers, maps, newspaper clippings, playbills, letters and posters. All go to highlight the ups and downs of the city's past. As Agatha Christie once said, "It is ridiculous to set a detective story in New York City, New York City is itself a detective story." Now the reader can discover that story in the comfort of his or her own armchair.
650 _aNew York
942 _2ddc
_cBK
_n0
999 _c1733
_d1733